00627cam a22002171 45000010005000000030008000050050017000130080039000300350018000690350019000870400055001060410008001610820020001691000024001892450067002132600040002803000031003205040020003516500022003716500016003935209BD-RjUL20211208234029.0131224s1955 maua 001 0 eng a(BD-RjUL)5245 a(OCoLC)1197933 aDLCcNUtSUdOCoLCdODaWUdOCoLCdDLCdBD-RjULbeng aeng00a361.3bAPD 19551 aAptekar, Herbert H.14aThe dynamics of casework and counseling /cHerbert H. Aptekar. aBoston :bHoughton Mifflin,cc1955. a262 p. :billus. ;c22 cm. aIncludes index. 0aSocial case work. 0aCounseling.